000 00479nam a2200181Ia 4500
001 7384
005 20260306160451.0
008 260306t2019||||xx |||||||||||||| ||spa||
041 _aESP
082 _a338.9
_bC28
100 _aCarrera i Carrera, Joan
_eAUT
245 0 _aVivir con menos para vivir mejor:
_bsuperar la ideología del crecimiento ilimitado
260 _c2019
300 _a31 páginas :
_c20 cm.
650 _aGEN
654 _aCAN
942 _cLIB
_dJUS
_fJUS
_2ddc
_n
999 _c7384
_d7384